000 00883cab a2200241 4500
001 ABS50583
008 090401t1994 xxu||||| |||| 00| 0 eng d
035 _a(Sirsi) u76548
041 _aeng
100 _aThompson, J.C.
245 _aFiller up
260 _c1994
350 _a0
490 _aBuilding
_v259(7843) 13 May 1994, 52-53(2)
520 _aReports the findings of a government survey which cleared cavity wall insulation of the charge that it contributes to damp and condensation in building. Argues for its wider adoption in the current climate of greater energy-consiousness.
650 _aCAVITY WALL INSULATION
650 _aCAVITY WALLS
650 _aTHERMAL INSULATION
650 _aBUILT ENVIRONMENT-BUILDING ELEMENTS-COMPLETE BUILDING ELEMENTS-WALLS
690 _aBUILDING AND CONSTRUCTION-ENERGY CONSERVATION
942 _n0
948 _c04/03/1997
999 _c48124
_d48124